Responses for show #1873 - Wednesday, October 28, 1992

1992 Celebrity Jeopardy! game 3.

Contestants

Alan Rachins, an actor from L.A. Law

Steven Weber, an actor from Wings

Cheech Marin, a comedian and actor from The Golden Palace

Jeopardy! Round responses

IN THE NEWS
FAMOUS COUPLES
ANIMALS
FOREIGN CURRENCY
THE MOVIES
"M.D."s
    $100 13
the Spelling Bee

Steven
    $100 11
Candice Bergen

Alan
    $100 14
raccoons

Cheech
    $100 1
Israel

Cheech
    $100 6
Jimmy Cagney

Alan
    $100 17
Memorial Day

Steven
    $200 24
Larry Bird

Steven
    $200 12
Fergie & Andrew

Cheech
    $200 25
Florida

Steven
    $200 2
(Steven: What are Deutschmarks?)

(Swiss) francs

CheechSteven
    $200 7
Manhattan

Cheech
    $200 15
(Steven: I'm going to kill myself, but what is the mournful dove?)
(Alex: Ohhhh, noooo, sorry!)

the mourning dove

Steven
Triple Stumper
    $300 28
Millie

Steven
    $300 20
Roy Rogers & Dale Evans

Steven
    $300 23
bees

Cheech
    $300 3
(Cheech: What are lira?)

drachma

Cheech
Triple Stumper
    $300 8
Marty

Steven
    $300 18
Mike Ditka

Steven
    $400 29
Marion Barry

Cheech
    $400 21
Chris Evert

Cheech
    $400 26
cat

Cheech
    $400 4
(Cheech: What are cruzeiros?)

peso

Cheech
Triple Stumper
    $400 9
(Cheech: What is "The Music Man?")

Mame

Cheech
Triple Stumper
    $400 16
Mad dogs

Steven
    $1,000 30
John Sirica

Cheech
    $500 22
Sarah Miles

Cheech
    $500 27
marsupials

Cheech
    $500 5
the shilling

Triple Stumper
    $500 10
The Manchurian Candidate

Steven
    $500 19
Mommie Dearest

Steven

Scores at the first commercial break (after clue 12):

Cheech Steven Alan
-$400 $600 $200

Scores at the end of the Jeopardy! Round:

Cheech Steven Alan
$3,200 $2,800 $200

Double Jeopardy! Round responses

"NEW" PLACES
JAZZ
LITERATURE
HISTORY
AKA
(Alex: Also known as.)
ART
    $200 21
New Orleans

Cheech
    $200 2
Ella Fitzgerald

Steven
    $200 1
Uncle Tom's Cabin

Cheech
    $200 17
massacres

Steven
    $200 14
Raphael

Cheech
    $200 5
Michelangelo

Steven
    $400 22
Newcastle

Steven
    $400 3
Duke Ellington

Steven
    $400 8
O. Henry

Cheech
    $400 18
Fletcher Christian

Steven
    $400 26
Jill St. John

Steven
    $400 6
Lautrec

Steven
    $600 24
(Alex: And we have less than a minute to go.)

New Hampshire

Alan
    $600 4
(Cheech: Who is Jobim?)
(Alex: No.)
(Judges: Yes, yes!)
(Alex: Oh, we're going to accept that; alright, [*] or Antonio Carlos Jobim; they both got it.)

Stan Getz

Cheech
    $600 9
The Bell Jar

Steven
    $600 19
Moshe Dayan

Cheech
    $600 7
Salvador Dali

Alan
    $800 25
New Zealand

Cheech
    $800 12
Bobby McFerrin

Alan
    $800 10
The Sun Also Rises

Alan
    $800 20
Santa Anna

Cheech
    $1,000 15
Georgia O'Keeffe

Cheech
    $1000 27
[buzzer sounds to end the round]

Newfoundland

Cheech
    $1000 13
Mel Torme

Alan
    $500 11
(Alan: [No response])

Candide

Alan
    $1000 23
Bismarck

Cheech
    $1000 16
(Sandro) Botticelli

Cheech

Scores at the end of the Double Jeopardy! Round:

Cheech Steven Alan
$11,000 $6,000 $3,500

[wagering suggestions for these scores]

Final Jeopardy! Round responses

U.S. STATES
AlanWhat is Colorado?
$1,500
StevenWhat is Arizona?
$2,000
CheechWhat is Nevada?
$1,500
Nevada

Final scores:

Cheech Steven Alan
$12,500 $4,000 $2,000
Winner: $12,500 to CARESA; week's big winner has total doubled 2nd place: $10,000 to Friends of Choices Sober Living Scholarship Fund 3rd place: $10,000 to PRASAD

Game dynamics:

Coryat scores:

Cheech Steven Alan
$10,300 $6,000 $4,000
24 R
(including 2 DDs),
3 W
20 R,
2 W
7 R,
1 W
(including 1 DD)

Combined Coryat: $20,300

The J! Archive is created by fans, for fans. The Jeopardy! game show and all elements thereof, including but not limited to copyright and trademark thereto, are the property of Jeopardy Productions, Inc. and are protected under law. This website is not affiliated with, sponsored by, or operated by Jeopardy Productions, Inc. Join the discussion at JBoard.tv.